Grammar of the Edit, 4th Edition /

Tell more effective visual stories by learning the "grammar" of cinematic language with this elegant, accessible reference. The fourth edition of Grammar of the Edit gives you the answers to the all-important questions of when to cut and why , and teaches readers the principles behind tran...

Full description

Bibliographic Details
Main Authors: Bowen, Christopher (Author), Thompson, Roy (Author)
Corporate Author: Safari, an O'Reilly Media Company
Format: eBook
Language:English
Published: Routledge, 2017.
Edition:4th edition.
Subjects:
Online Access:Connect to this electronic resource

MARC

Tag First Indicator Second Indicator Subfields
LEADER 00000uam a2200000 a 4500
001 in00004136366
005 20260123230451.7
006 m o d
007 cr cn
008 250817s2017 xx o eng
020 |z 9781351803540 
020 |z 9781138632202 
020 |z 1315208407 
020 |z 9781138632196 
020 |z 1138632198 
020 |z 9781315208404 
020 |z 1138632201 
035 |a (CaSebORM)9781351803540 
040 |d UtOrBLW 
041 0 |a eng 
100 1 |a Bowen, Christopher,  |e author.  |0 http://id.loc.gov/authorities/names/no91003521 
245 1 0 |a Grammar of the Edit, 4th Edition /  |c Bowen, Christopher. 
250 |a 4th edition. 
264 1 |b Routledge,  |c 2017. 
300 |a 1 online resource (292 pages) 
336 |a text  |b txt  |2 rdacontent 
337 |a computer  |b c  |2 rdamedia 
338 |a online resource  |b cr  |2 rdacarrier 
347 |a text file 
520 |a Tell more effective visual stories by learning the "grammar" of cinematic language with this elegant, accessible reference. The fourth edition of Grammar of the Edit gives you the answers to the all-important questions of when to cut and why , and teaches readers the principles behind transitions, editing for continuity, selecting the best shots, editing sound, color correction, and more. Designed as an easy-to-use guide, Grammar of the Edit presents each topic succinctly with clear photographs and diagrams illustrating key concepts, practical exercises and quiz questions, and is a staple of any filmmaker's library. New to the fourth edition: An expanded companion website offering downloadable and editable raw footage so that students can practice the techniques described in the book, and instructional videos showcasing examples of different editing choices and types of shot transitions. New and expanded quiz questions and practical exercises at the end of each chapter help test readers on their knowledge using real-world scenarios. Updated topic discussions, explanations, illustrations and visual examples. An all-new chapter on Sound resources in filmmaking and Audio Editing guidelines. Together with its companion volume, Grammar of the Shot , the core concepts discussed in these books offer concise and practical resources for both experienced and aspiring filmmakers. 
533 |a Electronic reproduction.  |b Boston, MA :  |c Safari,  |n Available via World Wide Web.  |d 2018. 
538 |a Mode of access: World Wide Web. 
542 |f Copyright © Routledge 2018  |g 2018 
588 |a Online resource; Title from title page (viewed July 20, 2017) 
500 |a Electronic resource. 
655 7 |a Electronic books.  |2 local 
700 1 |a Thompson, Roy,  |e author.  |0 http://id.loc.gov/authorities/names/n79010137 
710 2 |a Safari, an O'Reilly Media Company. 
856 4 0 |u https://proxy.library.tamu.edu/login?url=https://go.oreilly.com/TAMU/library/view/-/9781351803540/?ar  |z Connect to this electronic resource  |t 0 
999 f f |s 990baf91-2d43-3cd4-97c8-78bb730edf57  |i 64655b7e-6857-3257-9e85-de26785b9db5  |t 0 
952 f f |a Texas A&M University  |b College Station  |c Electronic Resources  |s www_evans  |d Available Online  |t 0  |h No information provided 
998 f f |t 0  |l Available Online